[Event "RUS-Cup02"]
[Site "Moscow"]
[Date "1998.??.??"]
[Round "8"]
[White "Ageichenko, Genadi A"]
[Black "Bitman, Alexander R"]
[Result "1-0"]
[WhiteElo "2360"]
[BlackElo "2230"]
[PlyCount "80"]
[EventDate "1998.01.21"]
[EventType "swiss"]
[EventRounds "9"]
[EventCountry "RUS"]
[SourceTitle "EXT 1999"]
[Source "ChessBase"]
[SourceDate "1998.11.16"]
[SourceVersion "1"]
[SourceVersionDate "1998.11.16"]
[SourceQuality "1"]

1. e4 g6 2. d4 Bg7 3. Nc3 d6 4. Nf3 Bg4 5. Be2 Nf6 6. 0-0 0-0 7. Be3 Nc6 8. d5 Bxf3 9. Bxf3 Ne5 10. Be2 c6 11. f4 Ned7 12. Bf3 Qa5 13. Qe1 Rfc8 14. Bd4 Nb6 15. dxc6 bxc6 16. Rd1 Nfd7 17. Bxg7 Kxg7 18. Kh1 Qc5 19. b3 Rd8 20. Rd3 Kh8 21. Ne2 Rac8 22. c4 g5 23. Qc3+ f6 24. Nd4 gxf4 25. Ne6 Qe5 26. Nxd8 Rxd8 27. Bg4 Nc5 28. Qxe5 fxe5 29. Rh3 Nxe4 30. Bf5 Nf6 31. g3 d5 32. gxf4 exf4 33. Rxf4 dxc4 34. bxc4 Kg7 35. Be6 h5 36. Rg3+ Kh8 37. a3 Na4 38. Bf7 Rd1+ 39. Rg1 Rd3 40. Bxh5 Rxa3 1-0

[Event "RUS-Cup02"]
[Site "Moscow"]
[Date "1998.??.??"]
[Round "6"]
[White "Obukhov, Alexander"]
[Black "Bitman, Alexander R"]
[Result "1-0"]
[WhiteElo "2430"]
[BlackElo "2230"]
[PlyCount "77"]
[EventDate "1998.01.21"]
[EventType "swiss"]
[EventRounds "9"]
[EventCountry "RUS"]
[SourceTitle "EXT 1999"]
[Source "ChessBase"]
[SourceDate "1998.11.16"]
[SourceVersion "1"]
[SourceVersionDate "1998.11.16"]
[SourceQuality "1"]

1. d4 Nf6 2. c4 g6 3. Nc3 Bg7 4. Bg5 0-0 5. e3 d6 6. Be2 Nbd7 7. h3 c6 8. Nf3 a6 9. 0-0 b5 10. a3 Bb7 11. Nd2 Re8 12. Rc1 bxc4 13. Nxc4 a5 14. Na4 c5 15. dxc5 dxc5 16. Bf4 Ra7 17. Ne5 Qa8 18. Nxd7 Nxd7 19. Qxd7 Bxg2 20. Qg4 Bxf1 21. Bxf1 Qc6 22. Bg3 h5 23. Qc4 Rc8 24. b3 Qf6 25. Qf4 Qxf4 26. Bxf4 Bf8 27. Be5 e6 28. Bc4 Rd8 29. Bc3 Be7 30. Nb2 Kh7 31. a4 g5 32. Kg2 Kg6 33. Nd3 f6 34. Nb2 Rd6 35. Bd3+ Kf7 36. Be2 Kg6 37. Bb5 Bd8 38. Nc4 Rd5 39. e4 1-0

[Event "Moscow-ch"]
[Site "Moscow"]
[Date "1997.??.??"]
[Round "3"]
[White "Bitman, Alexander R"]
[Black "Ramazan, Elshad"]
[Result "1-0"]
[WhiteElo "2250"]
[BlackElo "2370"]
[PlyCount "77"]
[EventDate "1997.??.??"]
[EventType "swiss"]
[EventRounds "9"]
[EventCountry "RUS"]
[SourceTitle "EXT 2000"]
[Source "ChessBase"]
[SourceDate "1999.11.16"]
[SourceVersion "1"]
[SourceVersionDate "1999.11.16"]
[SourceQuality "1"]

1. e4 c5 2. Nf3 d6 3. d4 cxd4 4. Nxd4 Nf6 5. Nc3 g6 6. Be2 Bg7 7. 0-0 0-0 8. Bg5 Nc6 9. Nb3 a5 10. a4 Be6 11. Kh1 h6 12. Be3 Bxb3 13. cxb3 Nd7 14. f4 Kh7 15. Rc1 Nc5 16. e5 Ne6 17. exd6 Qxd6 18. Qxd6 exd6 19. Bc4 Ncd4 20. Rcd1 h5 21. g3 Rad8 22. Rd2 Rd7 23. Rfd1 Nf5 24. Bb6 Ra8 25. Ne4 Re7 26. Nxd6 Nxd6 27. Rxd6 Bxb2 28. Rd7 Rae8 29. Bxa5 Ba3 30. Bc3 h4 31. Kg2 b6 32. Bf6 Rxd7 33. Rxd7 hxg3 34. Rxf7+ Kg8 35. Rb7 gxh2 36. Rxb6 Kf7 37. Bd4 Bc1 38. a5 Bxf4 39. Rxe6 1-0

[Event "Moscow-ch"]
[Site "Moscow"]
[Date "1996.??.??"]
[Round "2"]
[White "Bitman, Alexander R"]
[Black "Rovensky, Mikhail"]
[Result "1-0"]
[WhiteElo "2220"]
[BlackElo "2285"]
[PlyCount "49"]
[EventDate "1996.08.??"]
[EventType "swiss"]
[EventRounds "11"]
[EventCountry "RUS"]
[SourceTitle "CBM 055 Extra"]
[Source "ChessBase"]
[SourceDate "1997.01.01"]
[SourceVersion "1"]
[SourceVersionDate "1997.01.01"]
[SourceQuality "1"]

1. e4 e5 2. Nf3 Nc6 3. Bc4 Nf6 4. d3 Be7 5. 0-0 0-0 6. Re1 d6 7. a4 h6 8. c3 Na5 9. Ba2 c5 10. b4 Nc6 11. b5 Nb8 12. Nbd2 Qc7 13. d4 Re8 14. dxe5 dxe5 15. Nc4 Bf8 16. a5 b6 17. a6 Bd7 18. Nfxe5 Bxb5 19. Nxf7 Rxe4 20. Rxe4 Nxe4 21. Nfd6 Qd8 22. Qd5+ Kh7 23. Qxe4+ g6 24. Bb1 Qf6 25. Nxb5 1-0

[Event "Moscow Alekhine op"]
[Site "Moscow"]
[Date "1996.??.??"]
[Round "8"]
[White "Gorodetskiy, Ilya"]
[Black "Bitman, Alexander R"]
[Result "1/2-1/2"]
[WhiteElo "2305"]
[BlackElo "2210"]
[PlyCount "115"]
[EventDate "1996.??.??"]
[EventType "swiss"]
[EventRounds "9"]
[EventCountry "RUS"]
[SourceTitle "EXT 1999"]
[Source "ChessBase"]
[SourceDate "1998.11.16"]
[SourceVersion "1"]
[SourceVersionDate "1998.11.16"]
[SourceQuality "1"]

1. e4 c5 2. Nf3 e6 3. d4 cxd4 4. Nxd4 Nf6 5. Bd3 Nc6 6. Nxc6 dxc6 7. 0-0 e5 8. h3 Bc5 9. Bg5 h6 10. Bd2 Qe7 11. Qe1 Nh5 12. Kh2 Nf4 13. Bxf4 exf4 14. Nd2 g5 15. e5 Kf8 16. Qe4 Be6 17. Bc4 Rd8 18. Nf3 Kg7 19. c3 Bxc4 20. Qxc4 Rd5 21. Rae1 Qe6 22. Qe4 Rhd8 23. Re2 Qg6 24. Qxg6+ Kxg6 25. e6 f6 26. Rfe1 Re8 27. a3 Rd3 28. Kg1 h5 29. Re4 Rd5 30. b4 Bb6 31. a4 a6 32. c4 Rd3 33. c5 Bc7 34. e7 Kf7 35. b5 axb5 36. axb5 cxb5 37. Rb1 Rd7 38. Rxb5 g4 39. hxg4 hxg4 40. Ne1 Rdxe7 41. Rxe7+ Rxe7 42. Kf1 Be5 43. Nd3 Ke6 44. Rb6+ Kd5 45. Rb4 f5 46. Nxe5 Kxe5 47. Ke2 Rd7 48. Rb6 Rc7 49. Rb5 Kd4 50. Rb4+ Kxc5 51. Rxf4 Re7+ 52. Kd3 Re5 53. g3 b5 54. f3 gxf3 55. Rxf3 Rd5+ 56. Kc2 Kd4 57. g4 fxg4 58. Rf4+ 1/2-1/2

[Event "Moscow Alekhine op"]
[Site "Moscow"]
[Date "1996.??.??"]
[Round "6"]
[White "Petrov, Marian"]
[Black "Bitman, Alexander R"]
[Result "1/2-1/2"]
[WhiteElo "2390"]
[BlackElo "2210"]
[PlyCount "49"]
[EventDate "1996.??.??"]
[EventType "swiss"]
[EventRounds "9"]
[EventCountry "RUS"]
[SourceTitle "EXT 1999"]
[Source "ChessBase"]
[SourceDate "1998.11.16"]
[SourceVersion "1"]
[SourceVersionDate "1998.11.16"]
[SourceQuality "1"]

1. e4 e6 2. d4 d5 3. Nd2 c5 4. exd5 exd5 5. Bb5+ Nc6 6. Ngf3 Bd6 7. dxc5 Bxc5 8. 0-0 Nge7 9. Nb3 Bd6 10. h3 0-0 11. c3 Bf5 12. Be3 Be4 13. Nbd4 Bc7 14. Bd3 a6 15. Bxe4 dxe4 16. Nxc6 Nxc6 17. Qxd8 Rfxd8 18. Nd4 Ne5 19. Bf4 Re8 20. Rfe1 f5 21. Re2 Bb6 22. Rd1 Ng6 23. Bh2 Rad8 24. Red2 f4 25. g3 1/2-1/2

[Event "Moscow-ch"]
[Site "Moscow"]
[Date "1996.??.??"]
[Round "7"]
[White "Riazantsev, Alexander"]
[Black "Bitman, Alexander R"]
[Result "0-1"]
[WhiteElo "2350"]
[BlackElo "2220"]
[PlyCount "58"]
[EventDate "1996.08.??"]
[EventType "swiss"]
[EventRounds "11"]
[EventCountry "RUS"]
[SourceTitle "CBM 055 Extra"]
[Source "ChessBase"]
[SourceDate "1997.01.01"]
[SourceVersion "1"]
[SourceVersionDate "1997.01.01"]
[SourceQuality "1"]

1. d4 Nf6 2. c4 g6 3. Nc3 Bg7 4. e4 d6 5. f3 c6 6. Be3 a6 7. a4 a5 8. Bd3 Na6 9. Rc1 0-0 10. Nge2 e5 11. 0-0 Nd7 12. f4 exd4 13. Nxd4 Nac5 14. Bc2 Re8 15. Nde2 Qe7 16. Bd4 Nf6 17. Ng3 Be6 18. Bxc5 dxc5 19. Qe2 Ng4 20. h3 Bd4+ 21. Kh1 Ne3 22. Bd3 Nxf1 23. Qxf1 Qh4 24. Nge2 Rad8 25. Nxd4 Rxd4 26. b3 Red8 27. Rd1 Qg3 28. Ne2 Rxd3 29. Nxg3 Rxd1 0-1

[Event "Moscow op"]
[Site "Moscow"]
[Date "1994.??.??"]
[Round "5"]
[White "Gelman, Alexander"]
[Black "Bitman, Alexander R"]
[Result "1-0"]
[WhiteElo "2420"]
[BlackElo "2205"]
[PlyCount "59"]
[EventDate "1994.??.??"]
[EventType "swiss"]
[EventRounds "9"]
[EventCountry "RUS"]
[SourceTitle "EXT 1997"]
[Source "ChessBase"]
[SourceDate "1996.11.15"]
[SourceVersion "1"]
[SourceVersionDate "1996.11.15"]
[SourceQuality "1"]

1. e4 c5 2. Nf3 e6 3. d4 cxd4 4. Nxd4 Nf6 5. Nc3 d6 6. Be3 Nc6 7. f3 d5 8. Bb5 Bd7 9. exd5 exd5 10. Nb3 Bb4 11. Bxc6 bxc6 12. Qd4 Bd6 13. 0-0-0 0-0 14. Bf4 Be6 15. Bxd6 Qxd6 16. Na4 Rfb8 17. Nbc5 Rb5 18. Rhe1 Nd7 19. Nxd7 Bxd7 20. a3 Qxh2 21. Re5 Be6 22. f4 g6 23. Rde1 Rbb8 24. Nc5 Bf5 25. Rxf5 gxf5 26. Nd7 c5 27. Nf6+ Kf8 28. Qxc5+ Kg7 29. Qd4 Kf8 30. Ng4 1-0

[Event "Protvino"]
[Site "Protvino"]
[Date "1992.??.??"]
[Round "?"]
[White "Bitman, Alexander R"]
[Black "Fedorov, Alexei"]
[Result "0-1"]
[WhiteElo "2345"]
[BlackElo "2490"]
[PlyCount "76"]
[EventDate "1992.??.??"]
[EventType "tourn"]
[EventRounds "13"]
[EventCountry "RUS"]
[EventCategory "6"]
[SourceTitle "EXT 1997"]
[Source "ChessBase"]
[SourceDate "1996.11.15"]
[SourceVersion "1"]
[SourceVersionDate "1996.11.15"]
[SourceQuality "1"]

1. e4 c5 2. Nf3 d6 3. d4 cxd4 4. Nxd4 Nf6 5. Nc3 g6 6. Be2 Bg7 7. 0-0 0-0 8. Bg5 Nc6 9. Nb3 a6 10. f4 b5 11. Bf3 b4 12. Nd5 Nxd5 13. exd5 Na5 14. Nxa5 Qxa5 15. Kh1 Re8 16. Qc1 Qb5 17. Rb1 Ra7 18. a3 bxa3 19. bxa3 Qa5 20. c4 Bf5 21. Rb4 Qc7 22. Be2 a5 23. Rb5 Bd7 24. Rb3 Rb7 25. Rxb7 Qxb7 26. g4 e6 27. Bf3 Qb3 28. c5 Bb5 29. Qb1 Qa4 30. dxe6 Rxe6 31. f5 Re8 32. fxg6 hxg6 33. cxd6 Bxf1 34. Qxf1 Qd4 35. Be7 Rb8 36. Kg2 Rb2+ 37. Kh3 Be5 38. Bg2 Qe3+ 0-1

[Event "Protvino"]
[Site "Protvino"]
[Date "1992.??.??"]
[Round "?"]
[White "Bitman, Alexander R"]
[Black "Zakharov, Alexander V"]
[Result "0-1"]
[WhiteElo "2345"]
[BlackElo "2365"]
[PlyCount "80"]
[EventDate "1992.??.??"]
[EventType "tourn"]
[EventRounds "13"]
[EventCountry "RUS"]
[EventCategory "6"]
[SourceTitle "EXT 1997"]
[Source "ChessBase"]
[SourceDate "1996.11.15"]
[SourceVersion "1"]
[SourceVersionDate "1996.11.15"]
[SourceQuality "1"]

1. e4 e5 2. Nf3 Nc6 3. Bb5 a6 4. Ba4 Nf6 5. 0-0 Be7 6. Re1 b5 7. Bb3 0-0 8. c3 d5 9. exd5 Nxd5 10. Nxe5 Nxe5 11. Rxe5 c6 12. d4 Bd6 13. Re1 Qh4 14. g3 Qh3 15. Be3 Bg4 16. Qd3 Rae8 17. Nd2 Re6 18. a4 Qh5 19. axb5 axb5 20. Nf1 Rfe8 21. Bd1 f5 22. Bxg4 Qxg4 23. Bd2 h5 24. Rxe6 Rxe6 25. Ra8+ Kh7 26. b3 h4 27. c4 bxc4 28. bxc4 Ne7 29. Ra7 Ng6 30. Rf7 hxg3 31. hxg3 Nh4 32. d5 Qh3 33. gxh4 Rg6+ 34. Ng3 Bxg3 35. Qxg3 Rxg3+ 36. fxg3 Qxg3+ 37. Kf1 Qf3+ 38. Ke1 Qe4+ 39. Kd1 Qxc4 40. Rxf5 Qg4+ 0-1

[Event "Protvino"]
[Site "Protvino"]
[Date "1992.??.??"]
[Round "?"]
[White "Iuldachev, Saidali"]
[Black "Bitman, Alexander R"]
[Result "1-0"]
[WhiteElo "2370"]
[BlackElo "2345"]
[PlyCount "79"]
[EventDate "1992.??.??"]
[EventType "tourn"]
[EventRounds "13"]
[EventCountry "RUS"]
[EventCategory "6"]
[SourceTitle "EXT 1997"]
[Source "ChessBase"]
[SourceDate "1996.11.15"]
[SourceVersion "1"]
[SourceVersionDate "1996.11.15"]
[SourceQuality "1"]

1. e4 c5 2. Nf3 e6 3. d3 Nc6 4. g3 g6 5. Bg2 Bg7 6. 0-0 Nge7 7. Re1 d6 8. c3 0-0 9. a3 h6 10. Nbd2 Kh7 11. Nf1 f5 12. exf5 Nxf5 13. Ne3 e5 14. Nxf5 gxf5 15. Nh4 Bd7 16. f4 Bf6 17. Nf3 Rg8 18. Be3 b6 19. Ng5+ hxg5 20. Qh5+ Kg7 21. fxg5 Rh8 22. gxf6+ Qxf6 23. Qf3 Raf8 24. Rf1 Rf7 25. Rf2 Qg6 26. Raf1 Ne7 27. Qe2 Bc6 28. d4 Bxg2 29. Rxg2 cxd4 30. cxd4 e4 31. g4 f4 32. Rxf4 Rxf4 33. Bxf4 Nd5 34. Bg3 e3 35. Qc2 Re8 36. Qxg6+ Kxg6 37. Re2 Kg5 38. Bxd6 Kxg4 39. Rg2+ Kf5 40. Kf1 1-0

[Event "Protvino"]
[Site "Protvino"]
[Date "1992.??.??"]
[Round "?"]
[White "Makarjev, Ilja"]
[Black "Bitman, Alexander R"]
[Result "0-1"]
[WhiteElo "2335"]
[BlackElo "2345"]
[PlyCount "74"]
[EventDate "1992.??.??"]
[EventType "tourn"]
[EventRounds "13"]
[EventCountry "RUS"]
[EventCategory "6"]
[SourceTitle "EXT 1997"]
[Source "ChessBase"]
[SourceDate "1996.11.15"]
[SourceVersion "1"]
[SourceVersionDate "1996.11.15"]
[SourceQuality "1"]

1. d4 d5 2. c4 e6 3. Nc3 Be7 4. cxd5 exd5 5. Bf4 Nf6 6. e3 0-0 7. Nf3 c6 8. Bd3 Re8 9. Qc2 Nbd7 10. h3 Nf8 11. 0-0 Bd6 12. Bxd6 Qxd6 13. Rab1 Ne6 14. b4 h6 15. Ne2 Ng5 16. Nxg5 hxg5 17. b5 Bd7 18. bxc6 Bxc6 19. Ng3 Rac8 20. Qe2 g6 21. Rfc1 a6 22. Rb6 Kg7 23. Qb2 Kh7 24. Qe2 Kg7 25. Qb2 Kh6 26. Rf1 Qe7 27. a4 Rc7 28. a5 g4 29. hxg4 Nxg4 30. Be2 Nf6 31. Rc1 Rec8 32. Qd2 Kh7 33. Rcb1 Rh8 34. Rc1 Nd7 35. Rbb1 Kg7 36. e4 Qh4 37. Kf1 Qh1+ 0-1

[Event "Protvino"]
[Site "Protvino"]
[Date "1992.??.??"]
[Round "?"]
[White "Nesterov, Yakov"]
[Black "Bitman, Alexander R"]
[Result "1-0"]
[WhiteElo "2420"]
[BlackElo "2345"]
[PlyCount "67"]
[EventDate "1992.??.??"]
[EventType "tourn"]
[EventRounds "13"]
[EventCountry "RUS"]
[EventCategory "6"]
[SourceTitle "EXT 1997"]
[Source "ChessBase"]
[SourceDate "1996.11.15"]
[SourceVersion "1"]
[SourceVersionDate "1996.11.15"]
[SourceQuality "1"]

1. Nf3 Nf6 2. c4 g6 3. Nc3 Bg7 4. e4 d6 5. d4 0-0 6. Be2 e5 7. dxe5 dxe5 8. Qxd8 Rxd8 9. Bg5 Nbd7 10. 0-0-0 Rf8 11. Nd5 c6 12. Ne7+ Kh8 13. Be3 Re8 14. Nxc8 Raxc8 15. Ng5 Kg8 16. Bg4 Rc7 17. Bxd7 Nxd7 18. Rd3 Bh6 19. Rhd1 Nf8 20. Rd8 Rc8 21. R8d6 Kg7 22. h4 f6 23. Kc2 c5 24. R1d5 b6 25. Kb3 Rc7 26. Ka4 Rce7 27. a3 Bxg5 28. hxg5 f5 29. b4 f4 30. Bd2 cxb4 31. axb4 Kf7 32. Bc3 Ne6 33. Bxe5 Rc8 34. Bf6 1-0

[Event "Kamen Piskov Memorial-05"]
[Site "Ruse"]
[Date "1985.06.??"]
[Round "?"]
[White "Bitman, Alexander R"]
[Black "Szilagyi, Peter"]
[Result "0-1"]
[WhiteElo "2360"]
[BlackElo "2445"]
[PlyCount "60"]
[EventDate "1985.06.??"]
[EventType "tourn"]
[EventCountry "BUL"]
[SourceTitle "EXT 2010"]
[Source "ChessBase"]
[SourceDate "2010.11.25"]
[SourceVersion "1"]
[SourceVersionDate "2010.11.25"]
[SourceQuality "1"]

1. e4 c5 2. Nf3 e6 3. d4 cxd4 4. Nxd4 Nf6 5. Nc3 d6 6. Be2 Be7 7. 0-0 0-0 8. f4 a6 9. Kh1 Qc7 10. Qe1 Nc6 11. Be3 Nxd4 12. Bxd4 b5 13. e5 dxe5 14. Bxe5 Qb6 15. Qh4 Bb7 16. Bd3 Rfd8 17. Bxf6 Bxf6 18. Qxh7+ Kf8 19. Rae1 Ke7 20. Be4 b4 21. Na4 Qb5 22. Bxb7 Qxb7 23. Rd1 g6 24. Qh3 Qb5 25. Qb3 Rxd1 26. Rxd1 Rd8 27. Rd3 Rd4 28. c4 bxc3 29. Qxb5 axb5 30. Rxd4 c2 0-1

[Event "Kamen Piskov Memorial-04"]
[Site "Ruse"]
[Date "1984.06.??"]
[Round "8"]
[White "Bitman, Alexander R"]
[Black "Orso, Miklos"]
[Result "0-1"]
[WhiteElo "2365"]
[BlackElo "2390"]
[PlyCount "112"]
[EventDate "1984.06.??"]
[EventType "tourn"]
[EventRounds "15"]
[EventCountry "BUL"]
[EventCategory "5"]
[SourceTitle "EXT 1998"]
[Source "ChessBase"]
[SourceDate "1997.11.17"]
[SourceVersion "1"]
[SourceVersionDate "1997.11.17"]
[SourceQuality "1"]

1. e4 c5 2. Nf3 d6 3. d4 cxd4 4. Nxd4 Nf6 5. Nc3 a6 6. f4 Qc7 7. a4 g6 8. Bd3 Bg7 9. Nf3 Nbd7 10. 0-0 0-0 11. Qe2 e5 12. Kh1 b6 13. fxe5 dxe5 14. Bd2 Bb7 15. Ng5 Nc5 16. Rf2 Nxd3 17. cxd3 h6 18. Nh3 Qd6 19. Raf1 Nd7 20. b4 Rad8 21. Nd1 Nb8 22. Nb2 b5 23. axb5 axb5 24. Qd1 Bc8 25. Qc1 Bxh3 26. gxh3 Rc8 27. Qd1 Nc6 28. Qe1 Nd4 29. Bc3 Ne6 30. Rf3 Rc7 31. Nd1 Nf4 32. Nf2 Rd8 33. Qa1 Ne2 34. Bb2 h5 35. h4 Rdd7 36. Nh3 Ra7 37. Qd1 Nf4 38. Bxe5 Bxe5 39. Nxf4 Bxf4 40. Rxf4 Qxd3 41. Qxd3 Rxd3 42. e5 Re3 43. R1f2 Rxe5 44. Kg2 Rae7 45. Kg3 Kg7 46. h3 f5 47. R2f3 Re4 48. Rc3 Re3+ 49. Rf3 Rxf3+ 50. Rxf3 Re4 51. Rb3 Kf6 52. Rb2 Rc4 53. Rb1 Ke5 54. Re1+ Kd5 55. Re8 Rc3+ 56. Kg2 Rc6 0-1